Slamená vdova veselohra v troch dejstvách

Bibliographic Details
Main Authors: Miseti, Robert (Author), Jacoby, Viliam (Author)
Other Authors: Houdek, Viliam (Translator)
Format: Book
Language:Slovak
Italian
PhysicalDescription:112 s. 8° (18x13 cm)
Published: Ružomberok Ján Párička 1921
Edition:[2. vyd.]
Series:Slovenské divadlo
Subjects:

MARC

LEADER 00000cam a2200000 a 4500
001 vtls008385874
003 SK-MaSNL
005 20260301185839.0
008 251124s1921 xo 000 d slo
015 |a SKSNBA19191938-007406 
035 |a SK01SNKBSKHR20010078091 
035 |a SKM000080554 
040 |a SNK  |b slo  |c SNK  |e AACR2 
041 1 |a slo  |h ita 
044 |a xo  |c SK 
072 7 |a 821.131.1-2  |x Talianska dráma  |2 konspekt 
080 |a 821.131.1-2  |2 2011 
080 |a (0:82-2)  |2 2011 
100 1 |a Miseti, Robert  |4 aut  |9 564324 
245 1 0 |a Slamená vdova  |b veselohra v troch dejstvách  |c Robert Miseti, Viliam Jacoby ; prel. Viliam Houdek 
250 |a [2. vyd.] 
260 |a Ružomberok  |b Ján Párička  |c 1921  |e Ružomberok  |f Ján Párička 
300 |a 112 s.  |c 8° (18x13 cm) 
490 0 |a Slovenské divadlo  |v Sväzok 3. 
504 |a Na ob. zoznam edície 
510 0 |a 1. vyd. 1912 
546 |a Text v slovenčine 
650 0 7 |a talianska dráma  |2 SNKPH  |9 84720 
650 0 7 |a Italian drama  |2 SNKPHeng  |9 418931 
650 0 7 |a veselohry  |2 SNKPH  |9 346553 
655 7 |a umelecká literatúra  |2 SNKPH  |9 60405 
655 7 |a divadelné hry  |2 SNKPH  |9 70577 
655 7 |a Theatre plays  |2 SNKPHeng  |9 278336 
700 1 |a Jacoby, Viliam  |4 aut  |9 564325 
700 1 |a Houdek, Viliam  |4 trl  |9 436537 
830 0 |a Slovenské divadlo  |9 308636 
852 |a Slovenská národná knižnica v Martine  |b 10000  |h MS SD 3416/3 
852 |a Univerzitná knižnica v Bratislave  |b 300000  |h SG 7982 
852 |a Štátna vedecká knižnica v Banskej Bystrici  |b Fond starých a vzácnych dokumentov  |p O 3369 
852 |a Štátna vedecká knižnica v Banskej Bystrici  |b Fond starých a vzácnych dokumentov  |p O 3369-a 
958 |a OND 
958 |a RK 
958 |a TL 
958 |a SKR 
958 |a DG 
999 |c 865412  |d 867342 
952 |a SNK  |b SNK  |y VYP  |7 0  |p 17A0532578  |o snkSD 3416/3 D1  |i snkD 2113/60  |8 1  |3 rekatalogizácia  |0 0  |1 0  |4 0  |d 2007-01-09  |l 0  |r 2026-02-24 05:25:10  |w 2026-02-24